Rappeur.euse.s français.es - Statistiques

Statistiques générales
  • Ce quiz a été pris 187 fois
    184 depuis la dernière actualisation
  • Le résultat moyen est 34 sur 56
Statistiques - réponses
Hint Réponse % Correct
- NINAO- SPIDER - Ceci n'est pas du rap - PARISIENNE GIMS
96%
- DKR- Dolce Camara - Boulbi - RATPI WORLD Booba
94%
- Macarena- Feu de bois - LIFE LIFE - Alpha Damso
93%
- Onizuka- Blanka - Deux frères - Au DD PNL
93%
- La vie qu'on mène- Mamacita - LES DIAMANTS DE BOKASSA - Filon Ninho
90%
- Alors la zone- Toto et Ninetta - Amnésia - Comme d'hab Jul
88%
- Life- Vibes - Au Bout de la Nuit - KYKY2BONDY Hamza
85%
- Slide- Djomb - Solitaire - H24 Bosh
84%
- Polémique- Shavkat - Bâton Rouge - Freeze Raël Freeze Corleone
84%
- HÉ OH- PETETE - POPOPOP - Dans l’espace Gambi
84%
- Chargé- Diarabi - Goulag - Or noir Kaaris
84%
- Bâtiment- 44 - Médicament - Le monde est méchant Niska
84%
- WEMBY- GROKUWA - HAINE & SEX - DIE Gazo
82%
- Champs-Élysées- A7 - La vie de star - Un monde à l'autre SCH
82%
- Désaccordé- Vitrine - Journal perso II - Ma meilleure amie Vald
82%
- #Malentouré- Le bruit des applaudissements - Yakalelo - Bolide allemand SDM
81%
- Fixette- Raspoutine - Galerie - Akimbo Ziak
81%
- AMBER- Madame - Wow - L1 L2 Zola
81%
- Un peu de haine- Problèmes - Émotif - Copine PLK
78%
- Laboratoire- Piano - Chemin d'or - Pétunias Werenoi (R.I.P)
75%
- Oyé- Coffre plein - Tue ça - Daddy chocolat Koba LaD
73%
- BUSINESSMAN- Canon
- Sexy Woman - I'M SORRY
La Mano 1.9
73%
- Khapta- En esprit - Aristocrate - Les méchants Heuss L'enfoiré
72%
- Overbooking- Pélican - Palerme - Tout pour l'équipe L2B
70%
- On verra- Risibles amours - Humanoïde - Nique les clones Nekfeu
70%
- Monaco- Bebeto - AMBITION - Cracklanders Guy2bezbar
66%
- Ce soir ne sors pas- A.W.A - No lo sé - Barbade Lacrim
66%
- 100 visages- Mélodie - Tristesse - Macaroni Leto
66%
- MON BÉBÉ- AVEC MOI - BRTD - MORCEAUX RnBoi
61%
- Señorita- XS - Goal - À feu doux... Josman
60%
- Dans le réseau- Pas là - J'fais mes affaires - Possédé Djadja & Dinaz
59%
- Thibaut Courtois- PMW - Liquide - Même pas bonne Shay
59%
- Petit frère- Demain, c'est loin - Je danse le Mia - Nés sous la même étoile IAM
57%
- C’EST RELOU- JAMAIS TOI - INCOGNITO - RUINART R2
57%
- LOVE YOU- Paris - Terrain - Restaurant Nono La Grinta
53%
- Tout l'monde s’en fout- Loup garou - Grand Paris - Lundi Sofiane / Fianso
53%
- Printemps blanc- Mon amour ma musique - Sors de ma tête - J'dois l'oublier Niro
48%
- Merci- Pk souffrir - Allez dehors - Chop Fresh
47%
- Taga- Je pense à toi - Maghrébin - Sheitana Hornet La Frappe
47%
- Valhalla- Prioritaire - Mémoire - Distant Maes
46%
- Tiki Taka- Plan séquence - Confidences - Jalouse Vacra
44%
- Michael Jordan- C’est Noir - Crois-moi - La vraie vie DA Uzi
42%
- MON ROI- Smile - On se connaît - NEPTUNE TERMINUS Youssoupha
42%
- Ailleurs- Caliente - Filtré - Cagoulé Yamaha Timal
40%
- STUPÉFIANT NOIR- PISTOLET ROSE - philly flingo - aaa Alpha Wann
39%
- Grand Paris- L'4MOUR - Quatrième mur - Houri Médine
36%
- Banlieusards- Mouhammed Alix - 94 C’est le Barça - Laisse-nous croire Kery James
34%
- CHANGER LES IDÉES- RATATA - CATIMINI - OG Genezio
32%
- Coma Artificiel- Fenêtre Sur Rue - Les vieux de mon âge - Là-haut Hugo TSR
28%
- FUMER LE VERT- Mazza223 - METAL - 27 Jolagreen23
28%
- P.I.B- Connexion Macabre - KAT - Money In the Bank La Rvfleuze
28%
- Bitch- Rappelle-la - En terrasse - 20 ans Lefa
25%
- Petit prince- Tu vas rien faire - Boulot - Marche Sadek
14%
- Les clés en matin- 31.12.2025 - PAS CARRÉ - La Rue Fresh laDouille
8%
- Nouveau QB- Cyber Criminels - Cicatrice - Aigle Alkpote
6%
- Inarrêtable- Le couteau dans la paix - On naît seul, on meurt seul - TITI PARISIEN 2 Davodka
5%
Aucun quiz correspondant
Distribution des résultats
% des personnes avec chaque résultat
Percentile par nombre de réponses
Votre historique - résultats
Vous n’avez pas pris ce quiz depuis la dernière actualisation